[Event "Platja d'Aro op 8th"]
[Site "Platja d'Aro"]
[Date "2021.06.25"]
[Round "1"]
[White "Prats Rodriguez, Juan Bosco"]
[Black "Moskalenko, Viktor"]
[Result "0-1"]
[WhiteElo "2023"]
[BlackElo "2477"]
[PlyCount "72"]
[EventDate "2021.06.25"]
[EventType "swiss"]
[EventRounds "9"]
[EventCountry "ESP"]
[SourceTitle "CBM 203 Extra"]
[Source "ChessBase"]
[SourceDate "2021.09.30"]
[SourceVersion "1"]
[SourceVersionDate "2021.09.30"]
[SourceQuality "1"]

1. e4 e6 2. d3 d5 3. Qe2 Nf6 4. Nf3 Be7 5. g3 b5 6. Bg2 c5 7. exd5 exd5 8. d4 Ba6 9. Nbd2 b4 10. Qd1 0-0 11. Bf1 c4 12. c3 Qa5 13. Qc2 Bd6 14. Bg2 Re8+ 15. Kf1 Nbd7 16. h4 Nb6 17. Ng5 bxc3 18. bxc3 Qa4 19. Qxa4 Nxa4 20. Nb1 Bc8 21. Bf3 Bf5 22. Bd1 Bxb1 23. Bxa4 Bd3+ 24. Kg2 Re7 25. Nh3 Be4+ 26. f3 Bc2 27. Bxc2 Re2+ 28. Nf2 Rxc2 29. Re1 Rxc3 30. Re2 Re8 31. Rxe8+ Nxe8 32. a4 Rc2 33. f4 f5 34. Be3 a5 35. Kf3 Nf6 36. Rb1 Bb4 0-1

[Event "ESP-ch 85th"]
[Site "Linares"]
[Date "2020.09.04"]
[Round "5"]
[White "Prats Rodriguez, Juan Bosco"]
[Black "Luque Saiz, Andres"]
[Result "0-1"]
[WhiteElo "2020"]
[BlackElo "2155"]
[PlyCount "104"]
[EventDate "2020.08.31"]
[EventType "swiss"]
[EventRounds "9"]
[EventCountry "ESP"]
[SourceTitle "EXT 2021"]
[Source "ChessBase"]
[SourceDate "2020.10.23"]
[SourceVersion "1"]
[SourceVersionDate "2020.10.23"]
[SourceQuality "1"]

1. e4 c6 2. d4 d5 3. e5 c5 4. dxc5 e6 5. a3 Bxc5 6. Nf3 Ne7 7. Bd3 Ng6 8. 0-0 Qc7 9. b4 Bb6 10. Bb2 0-0 11. Re1 a5 12. b5 a4 13. Nbd2 Nd7 14. c4 Nc5 15. Bf1 Rd8 16. Qc2 Qe7 17. Rad1 Bd7 18. Bc3 Qe8 19. Bb4 Rdc8 20. Qb1 Ba5 21. g3 Ne7 22. Nd4 Rc7 23. Rc1 b6 24. Bg2 Raa7 25. f4 g6 26. Red1 Kg7 27. Ne2 Bxb4 28. axb4 Nb3 29. Nxb3 axb3 30. c5 Bxb5 31. cxb6 Rxc1 32. Rxc1 Rb7 33. Nd4 Rxb6 34. Qxb3 Bc4 35. Qc3 Qb8 36. Rb1 Nc6 37. Nxc6 Rxc6 38. Kh1 Qb5 39. Qe3 Ra6 40. g4 h6 41. f5 exf5 42. gxf5 gxf5 43. Qc3 Kh7 44. Rd1 Rg6 45. Ra1 Qb6 46. Qd2 Qe6 47. Qc3 Rg4 48. Re1 d4 49. Qb2 Bd5 50. Rg1 Qxe5 51. b5 Rxg2 52. Rxg2 Qe1# 0-1

[Event "ESP-ch 85th"]
[Site "Linares"]
[Date "2020.09.01"]
[Round "2"]
[White "Prats Rodriguez, Juan Bosco"]
[Black "Remolar Gallen, Jose"]
[Result "0-1"]
[WhiteElo "2020"]
[BlackElo "2346"]
[PlyCount "70"]
[EventDate "2020.08.31"]
[EventType "swiss"]
[EventRounds "9"]
[EventCountry "ESP"]
[SourceTitle "EXT 2021"]
[Source "ChessBase"]
[SourceDate "2020.10.23"]
[SourceVersion "1"]
[SourceVersionDate "2020.10.23"]
[SourceQuality "1"]

1. e4 c5 2. Nf3 g6 3. d4 cxd4 4. Nxd4 Bg7 5. c4 Nc6 6. Be3 Nf6 7. Nc3 0-0 8. Be2 d6 9. 0-0 Bd7 10. Qd2 Nxd4 11. Bxd4 Bc6 12. f3 Nd7 13. Be3 f5 14. exf5 gxf5 15. Kh1 Qe8 16. Rac1 Qf7 17. b4 b6 18. Nd5 Rac8 19. Bg5 Rfe8 20. Rfe1 e6 21. Nc3 Bf8 22. Red1 Ne5 23. Bh6 Be7 24. Bg5 Bf8 25. Bh6 Be7 26. Bg5 Red8 27. Qe3 Be8 28. Bxe7 Qxe7 29. Qf4 Rc7 30. Qg3+ Qg7 31. Qh4 Rdc8 32. Rxd6 Nxc4 33. Rd8 Ne3 34. g3 Rxc3 35. Rxc3 Qxc3 0-1